[Event "otb"]
[Site "otb"]
[Date "2007.03.11"]
[Round "11"]
[White "Ftacnik Lubomir"]
[Black "Baramidze David"]
[Result "1/2-1/2"]
[WhiteElo "2582"]
[BlackElo "2561"]
[PlyCount "98"]
[Source "www.chesslib.no"]
[SourceDate "2004.05.04"]

1. d4 Nf6 2. c4 g6 3. Nc3 d5 4. Nf3 Bg7 5. Qb3 dxc4 6. Qxc4 O-O 7. e4 a6 8. Qb3 c5 9. dxc5 Qa5 10. Qb6 Qxb6 11. cxb6 Nbd7 12. h3 Nxb6 13. Be3 Nbd7 14. a4 b6 15. Rd1 e5 16. Nd2 Bb7 17. Nc4 b5 18. Nd6 b4 19. Nxb7 bxc3 20. bxc3 Rfc8 21. Nd6 Rc6 22. a5 Bf8 23. Nc4 Bc5 24. Bxc5 Rxc5 25. Nd6 Kf8 26. f3 Ke7 27. Nc4 Rac8 28. Nb6 R8c6 29. Bxa6 Nxb6 30. axb6 Rxb6 31. Bd3 Rxc3 32. O-O Nh5 33. Rf2 Rd6 34. Rfd2 Nf4 35. Bf1 Rxd2 36. Rxd2 h5 37. h4 f5 38. Kf2 Ne6 39. Rd5 Rc2+ 40. Kg1 Kf6 41. Rd6 fxe4 42. fxe4 Ke7 43. Rd5 Rc5 44. Rxc5 Nxc5 45. Be2 Nxe4 46. Bd3 Ng3 47. Bxg6 Kf6 48. Bc2 Nf5 49. Bd1 Nxh4 1/2-1/2

[Event "It (cat.16)"]
[Site "?"]
[Date "2005.05.23"]
[Round "5"]
[White "Kozul Zdenko"]
[Black "Predojevic Borki"]
[Result "1-0"]
[WhiteElo "2591"]
[BlackElo "2549"]
[PlyCount "79"]
[EventDate "2005.??.??"]
[Source "www.chesslib.no"]
[SourceDate "2004.05.04"]

1. d4 Nf6 2. Nf3 g6 3. c4 Bg7 4. Nc3 d5 5. Qb3 dxc4 6. Qxc4 O-O 7. e4 a6 8. Be2 b5 9. Qb3 c5 10. dxc5 Bb7 11. O-O Nxe4 12. Nxe4 Bxe4 13. Bf4 Bd5 14. Qe3 Nc6 15. Rad1 e6 16. Ne5 Nxe5 17. Bxe5 Bxe5 18. Qxe5 Qc8 19. b4 Bxa2 20. Bf3 Bd5 21. Bxd5 exd5 22. Rxd5 a5 23. h4 Qe6 24. Qd4 h5 25. Rd6 Qg4 26. Qd5 axb4 27. c6 Kg7 28. Qe5+ Kh7 29. Qxb5 Qxh4 30. c7 Rac8 31. Rd7 Qe4 32. Rfd1 Qc2 33. Qe5 b3 34. R1d2 Qc1+ 35. Kh2 Kg8 36. R2d6 Qc2 37. Rb6 Qf5 38. Qxf5 gxf5 39. Rxb3 Rfe8 40. Rb5 1-0

[Event "otb"]
[Site "otb"]
[Date "2007.02.12"]
[Round "1"]
[White "Kozul Zdenko"]
[Black "Nedev Trajce"]
[Result "1-0"]
[WhiteElo "2616"]
[BlackElo "2523"]
[PlyCount "69"]
[Source "www.chesslib.no"]
[SourceDate "2004.05.04"]

1. d4 Nf6 2. c4 g6 3. Nc3 d5 4. Nf3 Bg7 5. Qb3 dxc4 6. Qxc4 O-O 7. e4 a6 8. e5 b5 9. Qb3 Nfd7 10. e6 fxe6 11. Be3 Nf6 12. a4 b4 13. Qxb4 Nc6 14. Qa3 Rb8 15. Bc4 Nb4 16. Rc1 Ng4 17. Ne4 Nxe3 18. fxe3 Nd5 19. O-O Bh6 20. Nfg5 Rf5 21. h4 Bg7 22. Kh1 h6 23. Nf3 Kh7 24. Ng3 Rf8 25. Qd3 Qd6 26. Ne4 Qb6 27. b3 Nb4 28. Qe2 Bb7 29. Nc5 e5 30. Nd7 Qd6 31. Nxf8+ Rxf8 32. Nxe5 Rxf1+ 33. Rxf1 Bxe5 34. dxe5 Qxe5 35. Qg4 1-0